000 00215 a2200097 4500
001 47105
100 _aBrennecke H
245 _aGhost Cruiser H K-33
260 _aLondon
_bWilliam Kimber
_c
090 _c30167
_d30167
942 _aNUST-CAE
_cM
_c22411
999 _c282178
_d282178